000 00458nam a22001697a 4500
999 _c18312
_d18312
008 200721b xxu||||| |||| 00| 0 eng d
020 _a9332575226
050 _aQA76.76
_b.D35 2017 c.1
245 _aDistributed Systems
_bConcepts and Design
_cCoulouris, {Et al...}.
250 _a5th ed.
260 _aIndia
_bPearson
_c2017
300 _axvi, 1047p.
700 _aJean Dollimore
700 _aTim Kindberg
700 _aGordon Blair
942 _2lcc
_cBK